000 00913cam a2200313 a 4500
001 58836
003 CO-BoRNBP
005 20250828161010.0
007 ta
008 931020s1983 sp r 00011 spa d
020 _a8470805193
040 _ala
_cla
041 0 _aspa
043 _an-us---
082 0 4 _aI813.5
_bL65a7
_219 ed.
084 _aC LON
100 1 _aLondon, Jack,
_d1876-1916.
245 1 4 _aUna aventura en el aire y otros cuentos /
_cJack London ; traducción Adela Greco ; edición de José María Carandell.
250 _a3a ed.
300 _a117 p. ;
_c18 cm.
336 _2rdacontent
_atexto
_btxt
337 _2rdamedia
_asin mediación
_bn
338 _2rdacarrier
_avolumen
_bnc
650 7 _aCuentos estadounidenses.
_2BLAAUTO
_92727
700 1 _aGreco, Adela,
_etr.
_964133
700 1 _aCarandell, José María,
_d1934-2003,
_eed.
942 _2ddc
_cBK
949 _an
_bn
999 _c58836
_d58836